00286nam a2200133Ia 4500100002200000650000900022366000900031654000900040245002900049260003300078082002100111300000800132546001200140 aPedroni/Volnei A  aVHDL f17.5 aVHDL aCircuit design with VHDL bPrentice Hall of Indiac2009 a621.392/PEDbPED a363 aENGLISH